Anti jawarinaka : | Relatos andinos : (Record no. 15903)

000 -CABECERA
fixed length control field 00980nam a22002537a 4500
003 - IDENTIFICADOR DEL NÚMERO DE CONTROL
control field AR-CdUCM
008 - DATOS DE LONGITUD FIJA--INFORMACIÓN GENERAL
fixed length control field 190430b ||||| |||| 00| 0 spa d
020 ## - NÚMERO INTERNACIONAL ESTÁNDAR DEL LIBRO
ISBN 978-612-45633-5-5
040 ## - FUENTE DE LA CATALOGACIÓN
Agencia/entidad que catalogó originalmente la obra MUNICIPALIDAD PROVINCIAL DEL CUSCO
Entidad que transcribió la catalogación BIBLIOTECA MUNICIPAL DEL CUSCO
082 ## - NÚMERO DE LA CLASIFICACIÓN DECIMAL DEWEY
No. de Clasificación EP / 398 /
Notacion interna B39
100 ## - ENTRADA PRINCIPAL--NOMBRE DE PERSONA
Nombre Personal Berrocal, Carmelón.
245 ## - MENCIÓN DE TÍTULO
Título Anti jawarinaka :
-- Relatos andinos :
Resto del título Aimara /
260 ## - PUBLICACIÓN, DISTRIBUCIÓN, ETC.
Lugar de publicación, distribución, etc. Lima :
Fecha de publicación, distribución, etc. 2009.
Nombre de la editorial, distribuidor, etc. Comite de damas del congreso de la republicana : Fondo editorial del congreso de la república,.
300 ## - DESCRIPCIÓN FÍSICA
Nº de Páginas Extensión 45 páginas ;
Dimensiones 29 cm.
Otros detalles físicos Ilustraciones.
440 ## - MENCIÓN DE SERIE/PUNTO DE ACCESO ADICIONAL--TÍTULO
Título Augmattai Perunumia Dakumjamu / Cuentos pintados del Perú.
Número de la parte/sección de una obra 6
9 (RLIN) 35121
505 ## - NOTA DE CONTENIDO CON FORMATO
Nota de contenido formateada Contenido :Relatos andinos ...
650 ## - PUNTO DE ACCESO ADICIONAL DE MATERIA--TÉRMINO DE MATERIA
Descriptor Lenguas amazónicas.
9 (RLIN) 35092
650 ## - PUNTO DE ACCESO ADICIONAL DE MATERIA--TÉRMINO DE MATERIA
Descriptor Aimara.
9 (RLIN) 4896
700 ## - PUNTO DE ACCESO ADICIONAL--NOMBRE DE PERSONA
Nombre Personal Macera, Pablo (ilustraciones)
9 (RLIN) 35122
700 ## - PUNTO DE ACCESO ADICIONAL--NOMBRE DE PERSONA
Nombre Personal Andazabal, Rosaura (ilustraciones)
9 (RLIN) 35123
942 ## - ELEMENTOS DE PUNTO DE ACCESO ADICIONAL (KOHA)
Fuente de clasificación
Tipo de item Libros-BMC
945 ## - PROCESAMIENTO DE INFORMACIÓN LOCAL (OCLC)
Catalogador rum
AAAA-MM-DD - Fecha de ingreso o modificacion 2019-04-30
Holdings
Estado de retiro (separado) Fuente de clasificación o esquema de estanterías Estado dañado Ubicación Sala donde se ubica Nombre de la colección Fecha de adquisición o compra Costo, precio normal en soles Signatura topográfica Código de Barras Última vez visto (Koha) Tipo de ítem (Koha)
No     Sala de Infantes Sala de Infantes Children's Area 2019-04-30 15.00 EP / 398 / B39 SI00004181 2019-04-30 Libros-BMC

Powered by Koha